| 000 | 00957cam5a220027700 4500 | ||
|---|---|---|---|
| 001 | lce01442177 | ||
| 008 | 820505s1983 enka b 001 0 eng | ||
| 010 | _a 82008590 | ||
| 020 |
_c _35.50 |
||
| 035 | _a(Sirsi) r118047 | ||
| 035 | _a(DLC) 82008590 | ||
| 035 | _a(UPRA)lce01442177 | ||
| 050 | 0 |
_aHD5718.M39 _bF56 1983 |
|
| 082 | 0 |
_a331.13/7804 _219 |
|
| 100 | 1 |
_aFineman, Stephen. _6A83487.1 |
|
| 245 | 1 | 0 |
_aWhite collar unemployment : _bimpact and stress / _cStephen Fineman. |
| 260 |
_aChichester ; New York ; _aChichester ; New York ; _bWiley, _cc1983. |
||
| 440 | 0 |
_aWiley series on organizational change and development _6S12602.1 |
|
| 500 | _aIncludes index. | ||
| 504 | _aBibliography: p. 148-151. | ||
| 650 | 0 |
_aWhite collar workers. _6S2641.1 |
|
| 650 | 0 |
_aUnemployed. _6S33806.1 |
|
| 949 |
_aHD5718.M39 _wlcc _i33729000800222 _mMAIN _tBOOK _lON-SHELF |
||
| 949 |
_aHD5718.M39 _wlcc _i33729005184044 _mMAIN _tBOOK _lON-SHELF |
||
| 004 | 118047 | ||
| 999 |
_c57300 _d57300 |
||